[Event "GRE-chT 51st"]
[Site "Trikala"]
[Date "2024.07.05"]
[Round "2.3"]
[White "Katsanis, Vasileios Dimitrios"]
[Black "Vafiadis, Kleanthis"]
[Result "1-0"]
[WhiteElo "2140"]
[BlackElo "2228"]
[PlyCount "95"]
[EventDate "2024.07.04"]
[EventType "team-swiss"]
[EventRounds "7"]
[EventCountry "GRE"]
[SourceTitle "CBM 221 Extra"]
[Source "ChessBase"]
[SourceDate "2024.09.30"]
[SourceVersion "1"]
[SourceVersionDate "2024.09.30"]
[SourceQuality "1"]
[WhiteTeam "Evoiki ES"]
[BlackTeam "Thessaloniki ES"]
[WhiteTeamCountry "GRE"]
[BlackTeamCountry "GRE"]

1. d4 Nf6 2. c4 e6 3. Nc3 Bb4 4. f3 c5 5. d5 d6 6. e4 0-0 7. Nge2 b5 8. Nf4 exd5 9. Nfxd5 Nxd5 10. cxd5 c4 11. Be2 f5 12. 0-0 f4 13. Kh1 Qh4 14. Qe1 Qh5 15. g4 Qh3 16. Bd2 a6 17. a4 Nd7 18. axb5 Ne5 19. Qf2 a5 20. Qg2 Qxg2+ 21. Kxg2 Bd7 22. Rfc1 Bxg4 23. Nb1 Bd7 24. Bxb4 axb4 25. Rxa8 Rxa8 26. Bxc4 Rc8 27. b6 Rb8 28. Nd2 Rxb6 29. Ra1 g5 30. Ra7 h5 31. Be2 g4 32. Kf2 Bb5 33. Ra8+ Kf7 34. Rh8 g3+ 35. hxg3 fxg3+ 36. Kxg3 Bxe2 37. Rxh5 Ra6 38. Kf2 Nd3+ 39. Ke3 Bxf3 40. Rf5+ Ke7 41. Kxd3 Bd1 42. Rf1 Bh5 43. Rh1 Bg6 44. Kc4 Rb6 45. Ra1 Kf6 46. Kd4 Rb7 47. Nc4 Ke7 48. Nxd6 1-0

[Event "GRE-chT 49th"]
[Site "Thessaloniki"]
[Date "2022.08.17"]
[Round "7.1"]
[White "Vafiadis, Kleanthis"]
[Black "Kapnisis, Spyridon"]
[Result "0-1"]
[WhiteElo "2241"]
[BlackElo "2459"]
[PlyCount "89"]
[EventDate "2022.08.12"]
[EventType "team-swiss"]
[EventRounds "7"]
[EventCountry "GRE"]
[SourceTitle "CBM 209 Extra"]
[Source "ChessBase"]
[SourceDate "2022.09.30"]
[SourceVersion "1"]
[SourceVersionDate "2022.09.30"]
[SourceQuality "1"]
[WhiteTeam "Thessaloniki ES"]
[BlackTeam "Eaao Fysiolatris Nikias"]
[WhiteTeamCountry "GRE"]
[BlackTeamCountry "GRE"]

1. Nf3 d5 2. d3 Nc6 3. g3 e5 4. Bg2 Nf6 5. a3 Be7 6. 0-0 0-0 7. Nc3 h6 8. e4 dxe4 9. dxe4 Bg4 10. h3 Qxd1 11. Nxd1 Bxf3 12. Bxf3 Nd4 13. Bg2 Nxc2 14. Rb1 Bc5 15. Bxh6 Bb6 16. Bg5 Nh7 17. Bd2 Rfd8 18. Bc3 Nd4 19. Re1 Ng5 20. Kf1 Nb3 21. Ke2 Nc5 22. Ne3 Ngxe4 23. Bxe4 Nxe4 24. Bxe5 Re8 25. Bc3 Nxg3+ 26. Kf3 Ne4 27. Nd5 Nxc3 28. bxc3 Rxe1 29. Rxe1 c6 30. Ne3 Rd8 31. Ke2 Bxe3 32. fxe3 Rd5 33. Rb1 b6 34. Rb4 Kf8 35. Rc4 Rd6 36. Ra4 a5 37. Re4 Re6 38. Rf4 Ke7 39. Rg4 g6 40. Rd4 Re5 41. Rf4 Ke6 42. Rd4 f5 43. Rh4 Re4 44. Rh8 f4 45. Re8+ 0-1

[Event "GRE-chT2 48th"]
[Site "Thessaloniki"]
[Date "2021.10.07"]
[Round "4.3"]
[White "Galopoulos, Nikolaos"]
[Black "Vafiadis, Kleanthis"]
[Result "1-0"]
[WhiteElo "2360"]
[BlackElo "2271"]
[PlyCount "95"]
[EventDate "2021.10.05"]
[EventType "team-swiss"]
[EventRounds "7"]
[EventCountry "GRE"]
[SourceTitle "CBM 204 Extra"]
[Source "ChessBase"]
[SourceDate "2021.11.30"]
[SourceVersion "1"]
[SourceVersionDate "2021.11.30"]
[SourceQuality "1"]
[WhiteTeam "Neapolis Sykeon"]
[BlackTeam "Thessaloniki ES"]
[WhiteTeamCountry "GRE"]
[BlackTeamCountry "GRE"]

1. d4 Nf6 2. Nf3 g6 3. g3 Bg7 4. Bg2 0-0 5. 0-0 d6 6. b3 e5 7. dxe5 dxe5 8. Ba3 Re8 9. Nc3 Nbd7 10. Nd2 Bf8 11. Qc1 Nb6 12. Rd1 Bxa3 13. Qxa3 Qe7 14. Qxe7 Rxe7 15. Nde4 Nxe4 16. Rd8+ Kg7 17. Nxe4 Bh3 18. Rxa8 Bxg2 19. Kxg2 Nxa8 20. Rd1 c6 21. Rd8 Nc7 22. Nd6 Ne6 23. Ra8 a6 24. Rb8 Rd7 25. Ne8+ Kh6 26. Nf6 Rd2 27. Rxb7 Kg7 28. Ng4 Rxe2 29. Kf1 Rxc2 30. Nxe5 Kf6 31. f4 Kf5 32. Rxf7+ Ke4 33. Re7 Kd5 34. Rxh7 g5 35. Rd7+ Ke4 36. Re7 Kd5 37. Nd3 Kd6 38. Rh7 gxf4 39. gxf4 Rd2 40. Ne5 Rxa2 41. Rd7+ Kc5 42. f5 Ng5 43. b4+ Kxb4 44. h4 Nh3 45. Nd3+ Kc3 46. f6 Ra5 47. f7 Rf5+ 48. Kg2 1-0

[Event "GRE-chT2 48th"]
[Site "Thessaloniki"]
[Date "2021.10.06"]
[Round "3.2"]
[White "Vafiadis, Kleanthis"]
[Black "Blohberger, Felix"]
[Result "0-1"]
[WhiteElo "2271"]
[BlackElo "2497"]
[PlyCount "92"]
[EventDate "2021.10.05"]
[EventType "team-swiss"]
[EventRounds "7"]
[EventCountry "GRE"]
[SourceTitle "CBM 204 Extra"]
[Source "ChessBase"]
[SourceDate "2021.11.30"]
[SourceVersion "1"]
[SourceVersionDate "2021.11.30"]
[SourceQuality "1"]
[WhiteTeam "Thessaloniki ES"]
[BlackTeam "Kavalas"]
[WhiteTeamCountry "GRE"]
[BlackTeamCountry "GRE"]

1. Nf3 Nf6 2. c4 g6 3. b3 Bg7 4. Bb2 0-0 5. g3 d6 6. d4 Nbd7 7. Bg2 e5 8. dxe5 dxe5 9. 0-0 e4 10. Ne1 c6 11. Nc2 Qc7 12. Nc3 Re8 13. Qd2 Ng4 14. Ne3 Ndf6 15. Nxg4 Bxg4 16. Nd1 Rad8 17. Qc2 Qa5 18. Ne3 Qh5 19. Nxg4 Nxg4 20. h3 Bxb2 21. hxg4 Qe5 22. Rad1 e3 23. f4 Qc3 24. Be4 Rd2 25. Qxc3 Bxc3 26. Rxd2 exd2 27. Bd3 Kf8 28. Kg2 Ke7 29. Kf3 Kd6 30. e3 Kc5 31. Bc2 Kb4 32. Rh1 Ka3 33. Rxh7 Kxa2 34. Rxf7 Kb2 35. Bd1 Kc1 36. Be2 d1Q 37. Bxd1 Kxd1 38. Rxb7 a5 39. Rc7 Kc2 40. Rxc6 Kxb3 41. Rxg6 Ra8 42. e4 a4 43. e5 a3 44. Rh6 a2 45. Rh1 Kxc4 46. Ke4 Rb8 0-1

[Event "Thessaloniki/Chalkidiki-chT"]
[Site "Thessaloniki/Chalkidiki"]
[Date "2019.01.27"]
[Round "3.2"]
[White "Vafiadis, Kleanthis"]
[Black "Mavreas, Dimitrios"]
[Result "1/2-1/2"]
[WhiteElo "2275"]
[BlackElo "1985"]
[PlyCount "157"]
[EventDate "2019.01.13"]
[EventType "team-tourn"]
[EventRounds "9"]
[EventCountry "GRE"]
[SourceTitle "EXT 2020"]
[Source "ChessBase"]
[SourceDate "2019.10.17"]
[SourceVersion "1"]
[SourceVersionDate "2019.10.17"]
[SourceQuality "1"]
[WhiteTeam "Papafi Chronikos"]
[BlackTeam "Polygyrou ASO"]
[WhiteTeamCountry "GRE"]
[BlackTeamCountry "GRE"]

1. d4 Nf6 2. Nf3 d6 3. c4 g6 4. g3 Bg7 5. Bg2 0-0 6. 0-0 c5 7. b3 cxd4 8. Nxd4 d5 9. Bb2 Nc6 10. cxd5 Nxd5 11. Nxc6 bxc6 12. Bxg7 Kxg7 13. Qd4+ f6 14. Nc3 e5 15. Qc5 Nxc3 16. Qxc3 Ba6 17. Qxc6 Bxe2 18. Rfe1 Rc8 19. Qa4 Rc2 20. Qxa7+ Rf7 21. Qe3 Qd4 22. a4 Rfc7 23. a5 Ba6 24. Bf1 Qxe3 25. Rxe3 Bxf1 26. Kxf1 Rb2 27. a6 Rcc2 28. Rf3 Ra2 29. Rxa2 Rxa2 30. b4 Rxa6 31. Rb3 Kf7 32. Ke2 Ke6 33. Kd3 Kd5 34. g4 Ra2 35. Ke3 Kc4 36. Rb1 f5 37. b5 Ra3+ 38. Ke2 Ra2+ 39. Kf3 Ra3+ 40. Kg2 Ra7 41. b6 Rb7 42. Kg3 Kc5 43. gxf5 gxf5 44. Kh4 Kd5 45. Rb5+ Ke6 46. Kg3 Rg7+ 47. Kf3 Rb7 48. Ke3 Kd6 49. Kd3 Kc6 50. Rxe5 Kxb6 51. Rxf5 Kc6 52. Ke4 Kd6 53. Rf6+ Ke7 54. Rh6 Kf8 55. Kf4 Kg7 56. Ra6 Rb2 57. Kg3 Rb1 58. h4 Rg1+ 59. Kf3 Rh1 60. Kg4 Rg1+ 61. Kf5 Rh1 62. Ra4 Rf1 63. Rf4 Kh6 64. Kf6 Ra1 65. Rf5 Rh1 66. Rf4 Ra1 67. Re4 Rh1 68. Kf5 Kh5 69. Re7 h6 70. f4 Kxh4 71. Re2 Ra1 72. Kg6 Ra6+ 73. Kf5 Kg3 74. Re3+ Kh4 75. Re6 Ra5+ 76. Re5 Ra6 77. Re1 Ra5+ 78. Kf6 Kg4 79. Rf1 1/2-1/2

[Event "Thessaloniki/Chalkidiki-chT"]
[Site "Thessaloniki/Chalkidiki"]
[Date "2019.01.13"]
[Round "1.1"]
[White "Ioannidis, Evgenios"]
[Black "Vafiadis, Kleanthis"]
[Result "1-0"]
[WhiteElo "2401"]
[BlackElo "2275"]
[PlyCount "57"]
[EventDate "2019.01.13"]
[EventType "team-tourn"]
[EventRounds "9"]
[EventCountry "GRE"]
[SourceTitle "EXT 2020"]
[Source "ChessBase"]
[SourceDate "2019.10.17"]
[SourceVersion "1"]
[SourceVersionDate "2019.10.17"]
[SourceQuality "1"]
[WhiteTeam "Galaxias"]
[BlackTeam "Papafi Chronikos"]
[WhiteTeamCountry "GRE"]
[BlackTeamCountry "GRE"]

1. d4 Nf6 2. Nf3 g6 3. c4 Bg7 4. g3 0-0 5. Bg2 d6 6. Nc3 c6 7. e4 Qa5 8. 0-0 Qh5 9. Re1 Bh3 10. e5 Ng4 11. Bxh3 Qxh3 12. Ne4 h6 13. exd6 exd6 14. Nxd6 c5 15. dxc5 Nc6 16. Re4 f5 17. Qd5+ Kh8 18. Re2 Nb4 19. Nf7+ Rxf7 20. Qxf7 Nd3 21. Qd5 Nb4 22. Qxb7 Rd8 23. Bd2 Nc2 24. Ba5 Nd4 25. Nxd4 Qxh2+ 26. Kf1 Rxd4 27. Bc3 Qh5 28. Re8+ Kh7 29. Bxd4 1-0

[Event "Thessaloniki White Tower op 41st"]
[Site "Thessaloniki"]
[Date "2019.01.05"]
[Round "3"]
[White "Gavriilidis, Orestis"]
[Black "Vafiadis, Kleanthis"]
[Result "0-1"]
[WhiteElo "1800"]
[BlackElo "2275"]
[PlyCount "112"]
[EventDate "2019.01.02"]
[EventType "swiss"]
[EventRounds "6"]
[EventCountry "GRE"]
[SourceTitle "EXT 2021"]
[Source "ChessBase"]
[SourceDate "2020.10.23"]
[SourceVersion "1"]
[SourceVersionDate "2020.10.23"]
[SourceQuality "1"]

1. d4 Nf6 2. Nf3 e6 3. c4 Bb4+ 4. Bd2 Qe7 5. e3 b6 6. Bd3 Bb7 7. a3 Bxd2+ 8. Nbxd2 d6 9. 0-0 e5 10. Be2 e4 11. Ne1 Nbd7 12. Nc2 0-0 13. f4 exf3 14. gxf3 d5 15. b3 c5 16. Re1 cxd4 17. exd4 Nh5 18. Bf1 Qg5+ 19. Kh1 Rae8 20. Nb4 dxc4 21. bxc4 Ndf6 22. d5 b5 23. Ne4 Nxe4 24. fxe4 bxc4 25. Bxc4 Qh4 26. Qf3 Rxe4 27. Rxe4 Ng3+ 28. Kg2 Nxe4 29. Bd3 Qg5+ 30. Kh1 Nf2+ 31. Qxf2 Bxd5+ 32. Nxd5 Qxd5+ 33. Kg1 Qxd3 34. Qxa7 Qg6+ 35. Kh1 Qe4+ 36. Kg1 h5 37. Rf1 h4 38. Qf2 h3 39. Qf3 Qe6 40. Rd1 Rc8 41. Kf1 Rc5 42. Kg1 Rg5+ 43. Kh1 Re5 44. Kg1 Re1+ 45. Kf2 Rxd1 46. Qxd1 Qa2+ 47. Qe2 Qxa3 48. Qe8+ Qf8 49. Qe3 Qc8 50. Qd3 Qg4 51. Qd8+ Kh7 52. Qe7 Qf4+ 53. Ke1 g5 54. Qd7 Qe3+ 55. Kf1 Qf3+ 56. Ke1 Qh1+ 0-1

[Event "Veliko Gradiste Silver Lake op-A"]
[Site "Veliko Gradiste"]
[Date "2018.06.23"]
[Round "8"]
[White "Vafiadis, Kleanthis"]
[Black "Konaplev, Anton"]
[Result "1/2-1/2"]
[WhiteElo "2247"]
[BlackElo "2353"]
[PlyCount "109"]
[EventDate "2018.06.17"]
[EventType "swiss"]
[EventRounds "9"]
[EventCountry "SRB"]
[SourceTitle "CBM 185 Extra"]
[Source "ChessBase"]
[SourceDate "2018.07.29"]
[SourceVersion "1"]
[SourceVersionDate "2018.07.29"]
[SourceQuality "1"]

1. d4 Nf6 2. c4 e6 3. Nc3 Bb4 4. e3 0-0 5. Bd3 d5 6. Nf3 c5 7. 0-0 cxd4 8. exd4 dxc4 9. Bxc4 b6 10. Qe2 Bb7 11. Rd1 Bxc3 12. bxc3 Qc7 13. Ba3 Re8 14. Ne5 Nc6 15. Bb5 a6 16. Bxc6 Bxc6 17. c4 b5 18. Rdc1 Qb7 19. Nxc6 Qxc6 20. cxb5 Qxb5 21. Qxb5 axb5 22. Bc5 Reb8 23. a3 Nd5 24. Rab1 f6 25. Rb3 Ra6 26. Rcb1 Nc7 27. g3 Rd8 28. Kg2 Kf7 29. a4 Rxa4 30. Bb6 Rd7 31. Bxc7 Rxc7 32. Rxb5 Rxd4 33. Rb7 Rdd7 34. Rxc7 Rxc7 35. Rb4 g5 36. h4 h6 37. hxg5 hxg5 38. g4 Ke7 39. Rb6 Rc4 40. Kg3 Rf4 41. Ra6 f5 42. gxf5 Rxf5 43. Ra8 Kf6 44. Rf8+ Ke7 45. Ra8 Kd6 46. Ra6+ Ke5 47. Ra5+ Kf6 48. Ra8 Rd5 49. Ra4 Kf5 50. Rb4 Rd3+ 51. f3 e5 52. Ra4 Rd4 53. Ra8 Rd3 54. Ra4 Ke6 55. Ra6+ 1/2-1/2

[Event "Veliko Gradiste Silver Lake op-A"]
[Site "Veliko Gradiste"]
[Date "2018.06.22"]
[Round "7"]
[White "Pantelic, Sasa"]
[Black "Vafiadis, Kleanthis"]
[Result "1/2-1/2"]
[WhiteElo "2338"]
[BlackElo "2247"]
[PlyCount "26"]
[EventDate "2018.06.17"]
[EventType "swiss"]
[EventRounds "9"]
[EventCountry "SRB"]
[SourceTitle "CBM 185 Extra"]
[Source "ChessBase"]
[SourceDate "2018.07.29"]
[SourceVersion "1"]
[SourceVersionDate "2018.07.29"]
[SourceQuality "1"]

1. d4 Nf6 2. c4 c5 3. d5 b5 4. cxb5 a6 5. b6 e6 6. Nc3 Bb7 7. e4 exd5 8. exd5 d6 9. Nf3 Nbd7 10. Be2 Nxb6 11. 0-0 Be7 12. Bc4 Nxc4 13. Qa4+ Qd7 1/2-1/2

[Event "Veliko Gradiste Silver Lake op-A"]
[Site "Veliko Gradiste"]
[Date "2018.06.18"]
[Round "2"]
[White "Vafiadis, Kleanthis"]
[Black "Djokic, Mihailo"]
[Result "1-0"]
[WhiteElo "2247"]
[BlackElo "2009"]
[PlyCount "65"]
[EventDate "2018.06.17"]
[EventType "swiss"]
[EventRounds "9"]
[EventCountry "SRB"]
[SourceTitle "CBM 185 Extra"]
[Source "ChessBase"]
[SourceDate "2018.07.29"]
[SourceVersion "1"]
[SourceVersionDate "2018.07.29"]
[SourceQuality "1"]

1. d4 Nf6 2. Bg5 Ne4 3. Bf4 d5 4. e3 a6 5. Bd3 Nf6 6. h3 Nc6 7. c3 e6 8. Nf3 Bd6 9. Nbd2 0-0 10. 0-0 h6 11. Ne5 Nd7 12. Qh5 Nf6 13. Qh4 Be7 14. Bxh6 Ne4 15. Qg4 Bg5 16. Nxc6 bxc6 17. Bxg5 Nxg5 18. f4 Nh7 19. Bxh7+ Kxh7 20. Qh5+ Kg8 21. Nf3 f6 22. g4 Qe8 23. Qxe8 Rxe8 24. a4 a5 25. Rf2 Ba6 26. Kh2 Reb8 27. g5 Rb3 28. gxf6 gxf6 29. Rg1+ Kh8 30. f5 exf5 31. Nd2 Rxb2 32. Rf4 Rxd2+ 33. Kh1 1-0

[Event "Kavala op 26th"]
[Site "Kavala"]
[Date "2017.07.30"]
[Round "4"]
[White "Filev, Georgi"]
[Black "Vafiadis, Kleanthis"]
[Result "1-0"]
[WhiteElo "2363"]
[BlackElo "2235"]
[PlyCount "60"]
[EventDate "2017.07.28"]
[EventType "swiss"]
[EventRounds "9"]
[EventCountry "GRE"]
[SourceTitle "CBM 179 Extra"]
[Source "ChessBase"]
[SourceDate "2017.08.23"]
[SourceVersion "1"]
[SourceVersionDate "2017.08.23"]
[SourceQuality "1"]

1. e4 e5 2. Nf3 d6 3. d4 Nd7 4. Nc3 Ngf6 5. Bc4 Be7 6. a4 0-0 7. 0-0 c6 8. h3 b6 9. Qe2 Bb7 10. Rd1 Qc7 11. Ba2 a6 12. Nh4 b5 13. Nf5 Rfe8 14. dxe5 Nxe5 15. Bg5 b4 16. Nb1 Rad8 17. Nd2 Bc8 18. Nxe7+ Qxe7 19. Nc4 Ng6 20. Qf3 Ne5 21. Qg3 Nxc4 22. Bxc4 a5 23. Rd3 Be6 24. Rf3 Kh8 25. Qh4 Bxc4 26. Rxf6 Qe5 27. Rd1 Qxe4 28. Rf4 Qe2 29. Rc1 f6 30. Bxf6 Rd7 1-0

[Event "GRE-chT 45th"]
[Site "Achaia"]
[Date "2017.07.07"]
[Round "6.8"]
[White "Vafiadis, Kleanthis"]
[Black "Lubbe, Nikolas"]
[Result "0-1"]
[WhiteElo "2235"]
[BlackElo "2509"]
[PlyCount "84"]
[EventDate "2017.07.03"]
[EventType "team-swiss"]
[EventRounds "7"]
[EventCountry "GRE"]
[SourceTitle "CBM 179 Extra"]
[Source "ChessBase"]
[SourceDate "2017.08.23"]
[SourceVersion "1"]
[SourceVersionDate "2017.08.23"]
[SourceQuality "1"]
[WhiteTeam "Moudanion"]
[BlackTeam "Panionios GA"]
[WhiteTeamCountry "GRE"]
[BlackTeamCountry "GRE"]

1. d4 Nf6 2. Nf3 b6 3. c4 e6 4. Nc3 Bb4 5. e3 Ne4 6. Qc2 Bb7 7. Bd3 f5 8. 0-0 Bxc3 9. bxc3 0-0 10. Nd2 Qh4 11. f3 Nxd2 12. Bxd2 Nc6 13. Rab1 d6 14. e4 fxe4 15. Bxe4 Na5 16. Bxb7 Nxb7 17. Qa4 Qe7 18. Rfe1 Na5 19. d5 Qe8 20. Qc2 e5 21. Re4 Qg6 22. Qd3 Nb7 23. Qf1 Qxe4 24. fxe4 Rxf1+ 25. Kxf1 Nc5 26. Re1 Rf8+ 27. Kg1 Nd3 28. Re3 Nb2 29. Rf3 Nxc4 30. Bg5 Rc8 31. Kf2 h6 32. Bc1 c6 33. dxc6 Rxc6 34. Ke2 b5 35. Kd3 Ra6 36. Rf2 Ra4 37. Be3 Nxe3 38. Kxe3 Ra3 39. Kd3 b4 40. Rc2 Kf7 41. Kc4 bxc3 42. Kb4 Ra6 0-1

[Event "GRE-chT 45th"]
[Site "Achaia"]
[Date "2017.07.06"]
[Round "5.8"]
[White "Moutousis, Konstantinos"]
[Black "Vafiadis, Kleanthis"]
[Result "1/2-1/2"]
[WhiteElo "2411"]
[BlackElo "2235"]
[PlyCount "102"]
[EventDate "2017.07.03"]
[EventType "team-swiss"]
[EventRounds "7"]
[EventCountry "GRE"]
[SourceTitle "CBM 179 Extra"]
[Source "ChessBase"]
[SourceDate "2017.08.23"]
[SourceVersion "1"]
[SourceVersionDate "2017.08.23"]
[SourceQuality "1"]
[WhiteTeam "Peristeriou CP"]
[BlackTeam "Moudanion"]
[WhiteTeamCountry "GRE"]
[BlackTeamCountry "GRE"]

1. d4 Nf6 2. c4 g6 3. Nc3 Bg7 4. e4 d6 5. f3 0-0 6. Be3 c5 7. d5 e6 8. Qd2 exd5 9. cxd5 Na6 10. Nge2 Nc7 11. a4 h5 12. Bh6 Re8 13. Bxg7 Kxg7 14. Nc1 Nh7 15. Be2 Qh4+ 16. g3 Qf6 17. Nd3 Ng5 18. Qf4 Qe7 19. h4 Nh7 20. g4 hxg4 21. fxg4 Bd7 22. g5 b5 23. axb5 Nxb5 24. Nf2 Nxc3 25. bxc3 a5 26. Kd2 a4 27. Bd3 Reb8 28. Bc2 a3 29. Rhe1 f6 30. gxf6+ Qxf6 31. Qg3 c4 32. e5 dxe5 33. Rxe5 Re8 34. Rxe8 Bxe8 35. Ng4 Qf7 36. Qe5+ Nf6 37. Be4 Bd7 38. Nxf6 Qxf6 39. Qxf6+ Kxf6 40. Ke3 Bg4 41. Kd4 Be2 42. Ra2 Bd1 43. Kxc4 Ra4+ 44. Kd3 Bb3 45. Ra1 Ke5 46. Bxg6 Bxd5 47. h5 a2 48. Kc2 Rh4 49. Re1+ Kd6 50. Kb2 Rh2+ 51. Ka1 Kc5 1/2-1/2

[Event "Nea Moudania op 2nd"]
[Site "Nea Moudania"]
[Date "2016.08.23"]
[Round "2"]
[White "Koutsidi, Amalia"]
[Black "Vafiadis, Kleanthis"]
[Result "0-1"]
[WhiteElo "1569"]
[BlackElo "2292"]
[PlyCount "86"]
[EventDate "2016.08.22"]
[EventType "swiss"]
[EventRounds "9"]
[EventCountry "GRE"]
[SourceTitle "CBM 174 Extra"]
[Source "ChessBase"]
[SourceDate "2016.10.10"]
[SourceVersion "1"]
[SourceVersionDate "2016.10.10"]
[SourceQuality "1"]

1. d4 Nf6 2. Nf3 g6 3. Bf4 Bg7 4. e3 0-0 5. Be2 d6 6. h3 Nc6 7. c4 Ne4 8. Nbd2 Nxd2 9. Qxd2 e5 10. Bg3 Bf5 11. Qc3 exd4 12. exd4 Nxd4 13. Nxd4 c5 14. 0-0 Bxd4 15. Qd2 Qf6 16. Rad1 Bxb2 17. Qxd6 Rac8 18. Bf3 b6 19. Qxf6 Bxf6 20. Bd6 Rfe8 21. Rfe1 Rxe1+ 22. Rxe1 Rd8 23. Bc7 Rd2 24. Re2 Rd7 25. Bb8 Be6 26. Bc6 Rd1+ 27. Kh2 Bxc4 28. Re8+ Kg7 29. Bxa7 Bxa2 30. Bxb6 c4 31. Bc5 h5 32. Ra8 Bb3 33. Bf3 Rd7 34. Rc8 h4 35. Bf8+ Kh7 36. Bb4 Be5+ 37. Kg1 Ra7 38. Kf1 Bc2 39. Ke1 Bd3 40. Bd5 Ra4 41. Bxc4 Bxc4 42. Rxc4 Rxb4 43. Rxb4 Bc3+ 0-1

[Event "Kavala op 24th"]
[Site "Kavala"]
[Date "2015.08.11"]
[Round "9"]
[White "Kelires, Andreas"]
[Black "Vafiadis, Kleanthis"]
[Result "1/2-1/2"]
[WhiteElo "2426"]
[BlackElo "2296"]
[PlyCount "80"]
[EventDate "2015.08.04"]
[EventType "swiss"]
[EventRounds "9"]
[EventCountry "GRE"]
[SourceTitle "CBM 167 Extra"]
[Source "ChessBase"]
[SourceDate "2015.09.14"]
[SourceVersion "1"]
[SourceVersionDate "2015.09.14"]
[SourceQuality "1"]

1. d4 Nf6 2. c4 g6 3. Nc3 Bg7 4. e4 d6 5. f3 0-0 6. Be3 c5 7. Nge2 Nfd7 8. d5 Na6 9. Ng3 Nc7 10. Be2 e6 11. 0-0 exd5 12. cxd5 b5 13. Qd2 b4 14. Nd1 a5 15. Bg5 Qe8 16. Bh6 Ba6 17. Bxg7 Kxg7 18. Ne3 Bxe2 19. Qxe2 Nb6 20. Qd2 f6 21. Rae1 Nb5 22. f4 c4 23. Qf2 Qd8 24. h4 c3 25. f5 cxb2 26. fxg6 hxg6 27. h5 g5 28. Qxb2 Nd7 29. Ngf5+ Kh8 30. Ng4 Ne5 31. Nxe5 dxe5 32. Qf2 Rb8 33. Kh2 Rb7 34. Qc5 Nc3 35. Ng3 Qc8 36. Qd6 Qd8 37. Qc6 Qb6 38. Qc4 a4 39. Rf3 Qb5 40. Qxb5 Nxb5 1/2-1/2

[Event "Kavala op 24th"]
[Site "Kavala"]
[Date "2015.08.07"]
[Round "5"]
[White "Kansal, Evrim"]
[Black "Vafiadis, Kleanthis"]
[Result "0-1"]
[WhiteElo "1840"]
[BlackElo "2296"]
[PlyCount "82"]
[EventDate "2015.08.04"]
[EventType "swiss"]
[EventRounds "9"]
[EventCountry "GRE"]
[SourceTitle "CBM 167 Extra"]
[Source "ChessBase"]
[SourceDate "2015.09.14"]
[SourceVersion "1"]
[SourceVersionDate "2015.09.14"]
[SourceQuality "1"]

1. e4 d6 2. d4 Nf6 3. Nc3 e5 4. Nf3 Nbd7 5. Bc4 Be7 6. 0-0 0-0 7. a4 a5 8. Re1 exd4 9. Nxd4 Nc5 10. h3 Re8 11. Qf3 c6 12. b3 Ncd7 13. Bf1 Ne5 14. Qg3 Nh5 15. Qe3 Ng6 16. Qf3 Nf6 17. Bb2 Bd7 18. Rad1 Qc7 19. Qg3 Rad8 20. Nf3 Nh5 21. Qh2 Bc8 22. Ne2 Bf6 23. Bxf6 Nxf6 24. Nc3 Ne5 25. Nxe5 dxe5 26. Qg3 Be6 27. Qe3 h6 28. Rxd8 Rxd8 29. Rd1 Rxd1 30. Nxd1 Qd6 31. Nc3 Qd4 32. Qxd4 exd4 33. Ne2 d3 34. cxd3 Bxb3 35. Nc3 Nd7 36. d4 Nb6 37. d5 cxd5 38. exd5 Nxd5 39. Nxd5 Bxd5 40. Bd3 Bc6 41. Bc2 b5 0-1

[Event "Pardubice Czech op-A 26th"]
[Site "Pardubice"]
[Date "2015.07.25"]
[Round "2"]
[White "Chekletsov, Ilya"]
[Black "Vafiadis, Kleanthis"]
[Result "1/2-1/2"]
[WhiteElo "2113"]
[BlackElo "2301"]
[PlyCount "56"]
[EventDate "2015.07.24"]
[EventType "swiss"]
[EventRounds "9"]
[EventCountry "CZE"]
[SourceTitle "CBM 167 Extra"]
[Source "ChessBase"]
[SourceDate "2015.09.14"]
[SourceVersion "1"]
[SourceVersionDate "2015.09.14"]
[SourceQuality "1"]

1. d4 Nf6 2. c4 c5 3. d5 b5 4. cxb5 a6 5. b6 Bb7 6. Nc3 e6 7. e4 exd5 8. exd5 d6 9. a4 a5 10. Bb5+ Nbd7 11. Bg5 Be7 12. Bxf6 Bxf6 13. Qg4 Qe7+ 14. Kf1 h5 15. Qf5 Bxc3 16. bxc3 0-0-0 17. Nf3 g6 18. Bxd7+ Qxd7 19. Qd3 Qf5 20. Qxf5+ gxf5 21. c4 Ba6 22. Nd2 Rde8 23. Re1 Kd7 24. f4 Rxe1+ 25. Kxe1 Rb8 26. Ke2 Rxb6 27. Kd3 Rb4 28. Ra1 Ke7 1/2-1/2

[Event "Mem Stavros Skondras 1st A"]
[Site "Thessaloniki"]
[Date "2014.10.18"]
[Round "7.2"]
[White "Exizoglou, Dimitrios"]
[Black "Vafiadis, Kleanthis"]
[Result "1/2-1/2"]
[WhiteElo "2129"]
[BlackElo "2303"]
[PlyCount "43"]
[EventDate "2014.10.03"]
[EventType "swiss"]
[EventRounds "7"]
[EventCountry "GRE"]
[SourceTitle "EXT 2024"]
[Source "ChessBase"]
[SourceDate "2023.10.10"]
[SourceVersion "1"]
[SourceVersionDate "2023.10.10"]
[SourceQuality "1"]

1. e4 e5 2. Nf3 Nc6 3. Bb5 a6 4. Ba4 Nf6 5. 0-0 Be7 6. Re1 b5 7. Bb3 0-0 8. h3 Bb7 9. d3 d5 10. exd5 Nxd5 11. Nxe5 Nxe5 12. Rxe5 Qd6 13. Re1 Rae8 14. Bd2 Bf6 15. Nc3 Nxc3 16. Bxc3 Rxe1+ 17. Qxe1 Bxc3 18. bxc3 Qg6 19. f3 Bxf3 20. Qf2 Bb7 21. Re1 h6 22. Re7 1/2-1/2

[Event "Mem Stavros Skondras 1st A"]
[Site "Thessaloniki"]
[Date "2014.10.12"]
[Round "6.1"]
[White "Vafiadis, Kleanthis"]
[Black "Hadzimanolis, Antonios"]
[Result "1/2-1/2"]
[WhiteElo "2303"]
[BlackElo "2251"]
[PlyCount "112"]
[EventDate "2014.10.03"]
[EventType "swiss"]
[EventRounds "7"]
[EventCountry "GRE"]
[SourceTitle "EXT 2024"]
[Source "ChessBase"]
[SourceDate "2023.10.10"]
[SourceVersion "1"]
[SourceVersionDate "2023.10.10"]
[SourceQuality "1"]

1. d4 Nf6 2. c4 e6 3. Nc3 d5 4. Nf3 Be7 5. Bg5 0-0 6. e3 b6 7. Bd3 Bb7 8. 0-0 c5 9. cxd5 cxd4 10. Nxd4 Nxd5 11. Bxe7 Qxe7 12. Nxd5 Bxd5 13. Qc2 g6 14. Rac1 e5 15. Nb5 Na6 16. Nc3 Bb7 17. Bxa6 Bxa6 18. Nd5 Qg5 19. Rfd1 Rac8 20. Qe4 Bb7 21. Rxc8 Rxc8 22. h4 Bxd5 23. Rxd5 Rc1+ 24. Kh2 Qf6 25. Kg3 Ra1 26. a3 Rf1 27. f3 Rh1 28. Rxe5 Kg7 29. Rb5 a6 30. Rb4 Qd6+ 31. Qf4 Qxf4+ 32. Rxf4 a5 33. Ra4 Ra1 34. Rc4 Ra2 35. Rc2 b5 36. e4 a4 37. Rf2 Ra1 38. Kf4 Kf6 39. Rd2 Rb1 40. Ke3 Ke6 41. g3 Re1+ 42. Kf4 Rb1 43. Kg5 Rg1 44. Kg4 h5+ 45. Kf4 Rb1 46. Ke3 Re1+ 47. Kf2 Rb1 48. f4 f6 49. Kg2 Re1 50. Kf3 Rf1+ 51. Ke3 Rg1 52. Kf2 Rb1 53. Re2 Rh1 54. Kg2 Rd1 55. e5 Rd3 56. Kf2 Rb3 1/2-1/2